Využitie odpadového tepla z kanalizácie v objekte domu seniorov

Gespeichert in:
Bibliographische Detailangaben
1. Verfasser: Dragúňová, Lucia (Verfasst von)
Weitere Verfasser: Peráčková, Jana (Betreuung Doktorarbeit)
Format: Manuskript Buch
Sprache:Slowakisch
Veröffentlicht: 2025
Schlagworte:
Online-Zugang:http://is.stuba.sk/zp/portal_zp.pl?podrobnosti=186000
CRZP
Tags: Tag hinzufügen
Keine Tags, Fügen Sie das erste Tag hinzu!

MARC

LEADER 00000ntm a22000003a 4500
001 stuzp104197
003 SK-STU
005 20250722141848.0
007 ta
008 150427s2015----xo-----f-mn---000-0-slo-d
040 |a STU  |b slo 
041 0 |a slo 
100 1 |a Dragúňová, Lucia  |u 010290  |4 aut  |U SvF Stavebná fakulta  |T SvF Katedra technických zariadení budov  |X 103889  |U V290  |Y 31  |7 103889 
242 0 1 |a Utilization of waste heat from sewage in a senior citizens' home  |y eng 
245 1 0 |a Využitie odpadového tepla z kanalizácie v objekte domu seniorov 
260 |c 2025 
650 4 |a senior home  |2 eng 
650 4 |a heat recovery  |2 eng 
650 4 |a sewerage  |2 eng 
650 4 |a waste heat  |2 eng 
650 4 |a water supply  |2 eng 
650 4 |a kanalizácie  |2 slo 
650 4 |a rekuperácia  |2 slo 
650 4 |a odpadové teplo  |2 slo 
650 4 |a vodovod  |2 slo 
650 4 |a dom seniorov  |2 slo 
700 1 |a Peráčková, Jana  |u 010290  |k Z1  |4 ths  |U SvF Stavebná fakulta  |T SvF Katedra technických zariadení budov  |X 2739  |U V290  |Y 31  |7 A000002739 
856 4 |u http://is.stuba.sk/zp/portal_zp.pl?podrobnosti=186000 
856 4 |u https://opac.crzp.sk/?fn=detailBiblioForm&sid=226A7A544DA3649F665632E9F6D0  |z CRZP